000 00655nam a22002177a 4500
003 OSt
005 20181123090815.0
007
008 180913b xxu||||| |||| 00| 0 spa d
016 _a
040 _cPJ
100 _93139
_aGallino Yanzi, Carlos V.
245 1 0 _aAntijuricidad y el secreto profesional /
_cCarlos V. Gallino Yanzi.
260 _aBuenos Aires :
_bVíctor de Zavalia,
_c1972.
300 _a127 p.
_c23 cm.
500 _aNotas y citas bibliográficas a pie de página.
504 _aBibliografia: p. 119-127.
650 0 _9343
_aDERECHO PENAL
650 0 _93140
_aSECRETO PROFESIONAL
942 _2udc
_cLIB
_h343.45
_iGAL
999 _c2017
_d2017